History Quiz

Random History or Company Quiz

Stock Exchange ticker symbols Quiz Stats

 Plays Quiz not verified by Sporcle

Challenge
Share
Tweet
Embed
Score 0/25 Timer 05:00
0 Plays Today
Symbol Company % Correct
GOOGGoogle
94.1%
AAPLApple
93.5%
MSFTMicrosoft
91.1%
GEGeneral Electric
88.2%
WMTWal-Mart
87%
CSCOCisco Systems
84%
INTCIntel
77.5%
SBUXStarbucks
66.9%
BACBank of America
65.1%
XOMExxon Mobil
62.1%
PGProcter & Gamble
60.4%
TAT&T
58.6%
UALUnited Airlines
55.6%
Symbol Company % Correct
AXPAmerican Express
50.3%
VODVodafone
42.6%
GSKGlaxoSmithKline
34.9%
SIESiemens
32%
DBKDeutsche Bank
29.6%
RIORio Tinto
26.6%
SSprint Nextel
22.5%
VIVVivendi
21.3%
ADSAdidas
13%
EADEADS
7.7%
BABAE Systems
4.7%
BLTBHP Billiton
4.7%

You're not logged in!

Compare scores with friends on all Sporcle quizzes.
Join for Free
OR
Log In

You Might Also Like...

Show Comments

Extras

Top Quizzes Today


Score Distribution

Your Account Isn't Verified!

In order to create a playlist on Sporcle, you need to verify the email address you used during registration. Go to your Sporcle Settings to finish the process.

Report this User

Report this user for behavior that violates our Community Guidelines.

Details: